Unconstrained organisations : managing sustainable change (Record no. 101846)

MARC details
000 -LEADER
fixed length control field 00884cam a2200241 4500
008 - FIXED-LENGTH DATA ELEMENTS--GENERAL INFORMATION
fixed length control field 020111n2001 000 0 eng u
020 ## - INTERNATIONAL STANDARD BOOK NUMBER
International Standard Book Number 0727730169
035 ## - SYSTEM CONTROL NUMBER
System control number (Sirsi) u116268
041 ## - LANGUAGE CODE
Language code of text/sound track or separate title eng.
050 ## - LIBRARY OF CONGRESS CALL NUMBER
Classification number 658.404 HUT
100 ## - MAIN ENTRY--PERSONAL NAME
Personal name Hutchin, T.
245 ## - TITLE STATEMENT
Title Unconstrained organisations : managing sustainable change
260 ## - PUBLICATION, DISTRIBUTION, ETC.
Name of publisher, distributor, etc. Thomas Telford
Date of publication, distribution, etc. 2001
300 ## - PHYSICAL DESCRIPTION
Extent xi, 159p.
Dimensions 24cm.
350 ## - PRICE (NR) (BK AM CF MU VM SE) [OBSOLETE]
Price 35.00
520 ## - SUMMARY, ETC.
Summary, etc. Written in an academic style, this book explores the factors that constrain organisational change programmes from a Theory of Constraints standpoint. Goes on to develop a modelling approach to overcoming a crucial barrier to change - or 'paradigm lock' .
650 ## - SUBJECT ADDED ENTRY--TOPICAL TERM
Topical term or geographic name entry element ORGANISATIONAL MANAGEMENT
650 ## - SUBJECT ADDED ENTRY--TOPICAL TERM
Topical term or geographic name entry element THEORY OF CONSTRAINTS
650 ## - SUBJECT ADDED ENTRY--TOPICAL TERM
Topical term or geographic name entry element CHANGE MANAGEMENT
650 ## - SUBJECT ADDED ENTRY--TOPICAL TERM
Topical term or geographic name entry element MANAGEMENT
690 ## - LOCAL SUBJECT ADDED ENTRY--TOPICAL TERM (OCLC, RLIN)
Topical term or geographic name as entry element Project management
9 (RLIN) 6261
942 ## - ADDED ENTRY ELEMENTS (KOHA)
Suppress in OPAC 0
Holdings
Withdrawn status Lost status Source of classification or shelving scheme Damaged status Not for loan Home library Current library Shelving location Date acquired Cost, normal purchase price Total Checkouts Full call number Barcode Date last seen Date last checked out Copy number Cost, replacement price Price effective from Koha item type
    Dewey Decimal Classification     London London Books 26/02/2002 35.00 7 658.404 HUT 30065407 06/08/2019 13/05/2005 1 35.00 06/08/2019 Book